| 000 | 00715nam a2200217Ia 4500 | ||
|---|---|---|---|
| 003 | GCL | ||
| 008 | 140319s9999 xx 000 0 ara d | ||
| 040 |
_aGCL / _cGCL |
||
| 082 | 0 | 4 |
_a251.6 _bع ك |
| 100 | 1 | _aمحمد بن رديد المسعودى | |
| 245 | 1 | 0 |
_aالكلام فى بيع الفضولى / _cمحمد بن رديد المسعودى |
| 700 | 1 | _aالعلائى , صلاح الدين | |
| 300 | _a125 ص | ||
| 490 | _a | ||
| 650 | 0 | 4 | _aالشريعة الاسلامية |
| 650 | 0 | 4 | _aالفقه الاسلامى - مذاهب |
| 650 | 0 | 4 | _aالاسلام - فقة |
| 650 | 0 | 4 | _aالشريعة الاسلامية - اصول |
| 650 | 0 | 4 | _aالعلائى , صلاح الدين |
| 942 |
_2ddc _cBK |
||
| 999 |
_c47849 _d47849 |
||